Bartolomé de las Casas / (Record no. 88966)

MARC details
000 -LEADER
campo de control de longitud fija 01989cam a2200457 a 4500
001 - NÚMERO DE CONTROL
campo de control 55932
005 - FECHA Y HORA DE LA ÚLTIMA TRANSACCIÓN
campo de control 20230410132843.0
008 - DATOS DE LONGITUD FIJA--INFORMACIÓN GENERAL
campo de control de longitud fija 850923r19841953sp a b f001 0aspa
010 ## - NÚMERO DE CONTROL DE LA BIBLIOTECA DEL CONGRESO
Número de control de LC 85208284
035 ## - NÚMERO DE CONTROL DEL SISTEMA
Número de control de sistema (OCoLC)ocm12597780
040 ## - FUENTE DE CATALOGACIÓN
Centro catalogador/agencia de origen DLC
Centro/agencia transcriptor DLC
Centro/agencia modificador OCL
-- PL#
019 ## -
-- 12945578
020 ## - NÚMERO INTERNACIONAL ESTÁNDAR DEL LIBRO
Número Internacional Estándar del Libro 8400056620 (set)
020 ## - NÚMERO INTERNACIONAL ESTÁNDAR DEL LIBRO
Número Internacional Estándar del Libro 9788400056629 (set)
020 ## - NÚMERO INTERNACIONAL ESTÁNDAR DEL LIBRO
Número Internacional Estándar del Libro 8400056639 (t.1)
020 ## - NÚMERO INTERNACIONAL ESTÁNDAR DEL LIBRO
Número Internacional Estándar del Libro 8400057570 (t.2)
020 ## - NÚMERO INTERNACIONAL ESTÁNDAR DEL LIBRO
Número Internacional Estándar del Libro 9788400057572
035 ## - NÚMERO DE CONTROL DEL SISTEMA
Número de control de sistema (OCoLC)12597780
Número de control cancelado/no válido (OCoLC)12945578
050 14 - SIGNATURA TOPOGRÁFICA DE LA BIBLIOTECA DEL CONGRESO
Número de clasificación B E 125
Número de ítem C335G 1984
082 00 - NÚMERO DE LA CLASIFICACIÓN DECIMAL DEWEY
Número de clasificación 970.01/6/0924
049 ## - FONDOS LOCALES (OCLC)
Biblioteca depositaria GRAL
100 1# - ENTRADA PRINCIPAL--NOMBRE DE PERSONA
Nombre de persona Giménez Fernández, Manuel.
245 10 - MENCIÓN DEL TÍTULO
Título Bartolomé de las Casas /
Mención de responsabilidad, etc. Manuel Giménez Fernández.
260 ## - PUBLICACIÓN, DISTRIBUCIÓN, ETC.
Lugar de publicación, distribución, etc. Madrid :
Nombre del editor, distribuidor, etc. Consejo Superior de Investigaciones Científicas ;
Lugar de publicación, distribución, etc. [Sevilla] :
Nombre del editor, distribuidor, etc. Escuela de Estudios Hispanoamericanos,
Fecha de publicación, distribución, etc. 1984-
300 ## - DESCRIPCIÓN FÍSICA
Extensión v. <1-2> :
Otras características físicas ill. ;
Dimensiones 24 cm.
500 ## - NOTA GENERAL
Nota general Reprint. Originally published: Sevilla : G.E.H.A., 1953. (Publicaciones de la Escuela de Estudios Hispano-Americanos de Sevilla ; 70)
500 ## - NOTA GENERAL
Nota general "Documentos utilizados para la redacción del texto, ordenados cronológicamente y fechados entre la llegada a Sevilla de Bartolomé de Casas (6-X-1515) y los funerales del Cardenal Cisneros (14-XI-1517)": v. 1, p. [419]-684.
504 ## - NOTA DE BIBLIOGRAFÍA, ETC.
Nota de bibliografía, etc. Includes bibliographical references and indexes.
505 1# - NOTA DE CONTENIDO CON FORMATO
Nota de contenido con formato 1. Delegado de Cisneros para la reformación de las Indias (1516-1517) -- v.2. Capellán de S.M. Carlos I poblador de Cumana (1517-1523)
600 10 - PUNTO DE ACCESO ADICIONAL DE MATERIA--NOMBRE DE PERSONA
Nombre de persona Casas, Bartolomé de las,
Fechas asociadas al nombre 1474-1566.
650 #0 - PUNTO DE ACCESO ADICIONAL DE MATERIA--TÉRMINO DE MATERIA
Término de materia o nombre geográfico como elemento de entrada Explorers
Subdivisión geográfica America
Subdivisión de forma Biography.
650 #0 - PUNTO DE ACCESO ADICIONAL DE MATERIA--TÉRMINO DE MATERIA
Término de materia o nombre geográfico como elemento de entrada Explorers
Subdivisión geográfica Spain
Subdivisión de forma Biography.
650 #0 - PUNTO DE ACCESO ADICIONAL DE MATERIA--TÉRMINO DE MATERIA
Término de materia o nombre geográfico como elemento de entrada Missionaries
Subdivisión geográfica America
Subdivisión de forma Biography.
650 #0 - PUNTO DE ACCESO ADICIONAL DE MATERIA--TÉRMINO DE MATERIA
Término de materia o nombre geográfico como elemento de entrada Missionaries
Subdivisión geográfica Spain
Subdivisión de forma Biography.
651 #0 - PUNTO DE ACCESO ADICIONAL DE MATERIA--NOMBRE GEOGRÁFICO
Nombre geográfico America
Subdivisión general Discovery and exploration
-- Spanish.
650 #0 - PUNTO DE ACCESO ADICIONAL DE MATERIA--TÉRMINO DE MATERIA
Término de materia o nombre geográfico como elemento de entrada Indians, Treatment of.
650 #4 - PUNTO DE ACCESO ADICIONAL DE MATERIA--TÉRMINO DE MATERIA
Término de materia o nombre geográfico como elemento de entrada América Latina
-- Historia
-- Descubrimiento y conquista
-- 1492-1600.
942 ## - ELEMENTOS DE ENTRADA SECUNDARIOS (KOHA)
Fuente del sistema de clasificación o colocación Clasificación de Library of Congress
Tipo de ítem Koha
994 ## -
-- C0
-- DRFGD
946 ## - PROCESAMIENTO DE INFORMACIÓN LOCAL (OCLC)
a csexposito
Holdings
Estatus retirado Estado de pérdida Fuente del sistema de clasificación o colocación Estado de daño No para préstamo Colección Biblioteca de origen Biblioteca actual Ubicación en estantería Fecha de adquisición Serial enumeration / chronology Signatura topográfica completa Código de barras Visto por última vez Copia número Tipo de ítem Koha
    Clasificación de Library of Congress     Recursos Regionales Biblioteca Juan Bosch Biblioteca Juan Bosch Recursos Regionales (2do. Piso) 10/04/2023 t.1 | 1 B E 125 C335G 1984 00000060473 17/11/2018 1  
    Clasificación de Library of Congress     Recursos Regionales Biblioteca Juan Bosch Biblioteca Juan Bosch Recursos Regionales (2do. Piso) 10/04/2023 t.2 | 1 B E 125 C335G 1984 00000057270 17/11/2018 1